Komunikačný mix vo vybranej spoločnosti bakalárska práca

Salvato in:
Dettagli Bibliografici
Autore principale: Česelská, Katarína
Ente Autore: Obchodná fakulta EU. Katedra marketingu
Altri autori: Zendulka, Lukáš, 1989-
Natura: Libro
Lingua:slovacco
Pubblicazione: Bratislava 2017
Tags: Aggiungi Tag
Nessun Tag, puoi essere il primo ad aggiungerne!!

MARC

LEADER 00000nbm a2200000 4500
001 0232723
005 20170920110956.7
041 0 |a slo 
044 |a SK 
245 1 0 |a Komunikačný mix vo vybranej spoločnosti  |b bakalárska práca  |c Katarína Česelská ; školiteľ: Lukáš Zendulka 
264 1 |a Bratislava  |c 2017 
300 |a 58 s. 
100 1 |a Česelská, Katarína 
700 1 |a Zendulka, Lukáš, 1989- 
710 2 |a Obchodná fakulta EU. Katedra marketingu